[Event "35. Rilton Cup 2005/2006"]
[Site "Stockholm"]
[Date "2005.12.30"]
[Round "4.15"]
[White "Miezis, Normunds"]
[Black "Nygren, Kim"]
[Result "1-0"]
[WhiteElo "2470"]
[BlackElo "2231"]
[PlyCount "63"]
[EventDate "2005.12.27"]
[EventType "swiss"]
[EventRounds "9"]
[EventCountry "SWE"]
[Source "lmi"]
[SourceDate "2006.01.06"]

1. c4 g6 2. Nc3 Bg7 3. g3 c5 4. Bg2 e5 5. d3 d6 6. a3 Nc6 7. Rb1 a5 8. Nd5 Nge7
9. Bg5 O-O 10. Nf6+ Kh8 11. h4 h5 12. Nf3 Be6 13. Nd2 Qc7 14. Nde4 d5 15. Nxc5
Nd4 16. cxd5 Qxc5 17. dxe6 fxe6 18. Ne4 Qc7 19. Rc1 Nec6 20. e3 Nf5 21. g4 Qb6
22. gxf5 exf5 23. Nc5 Qxb2 24. O-O Qxa3 25. Nxb7 Nb4 26. Nc5 Rac8 27. Ra1 Qb2
28. Ne6 Rf7 29. Nxg7 Kxg7 30. Rxa5 Rc2 31. Rb5 Rd2 32. Qa4 1-0

[Event "35. Rilton Cup 2005/2006"]
[Site "Stockholm"]
[Date "2005.12.30"]
[Round "4.17"]
[White "Jaracz, Barbara"]
[Black "Hermansson, Emil"]
[Result "0-1"]
[WhiteElo "2281"]
[BlackElo "2449"]
[PlyCount "102"]
[EventDate "2005.12.27"]
[EventType "swiss"]
[EventRounds "9"]
[EventCountry "SWE"]
[Source "lmi"]
[SourceDate "2006.01.06"]

1. e4 c6 2. c4 d5 3. exd5 cxd5 4. cxd5 Nf6 5. Nc3 Nxd5 6. Nf3 e6 7. d4 Bb4 8.
Bd2 Nc6 9. Bd3 Be7 10. O-O O-O 11. Qe2 Nf6 12. Ne4 Qb6 13. a3 Bd7 14. b4 Nxe4
15. Qxe4 f5 16. Qe3 Bf6 17. Bc3 Rac8 18. Bb2 Ne7 19. Ne5 Bb5 20. Bxb5 Qxb5 21.
Nd3 Rc6 22. a4 Qb6 23. Ne5 Rc7 24. b5 Rfc8 25. Qb3 Bxe5 26. dxe5 Rc4 27. Rac1
Qc7 28. Rxc4 Qxc4 29. Qa3 Kf7 30. h3 Qd5 31. Qe3 Qa2 32. Ba3 Nd5 33. Qf3 g6 34.
Bd6 Qxa4 35. Qe2 Rc2 36. Qd3 Rc3 37. Qd2 Qf4 38. Qa2 Qd4 39. b6 a6 40. Qe2 Qxb6
41. Qd2 f4 42. Qd1 h5 43. Qa4 Qb5 44. Qxb5 axb5 45. Rb1 b6 46. h4 f3 47. Rxb5
Rc1+ 48. Kh2 Rc4 49. gxf3 Rxh4+ 50. Kg3 g5 51. Rb2 Nf4 0-1

[Event "35. Rilton Cup 2005/2006"]
[Site "Stockholm"]
[Date "2005.12.30"]
[Round "4.19"]
[White "Kosmo, Santul"]
[Black "Khmelniker, Ilya"]
[Result "0-1"]
[WhiteElo "2232"]
[BlackElo "2430"]
[PlyCount "59"]
[EventDate "2005.12.27"]
[EventType "swiss"]
[EventRounds "9"]
[EventCountry "SWE"]
[Source "lmi"]
[SourceDate "2006.01.06"]

1. e4 e5 2. Nf3 Nc6 3. Nc3 Nf6 4. Bb5 Nd4 5. Nxe5 Qe7 6. f4 Nxb5 7. Nxb5 d6 8.
Nf3 Qxe4+ 9. Kf2 Qc4 10. Re1+ Be6 11. a4 O-O-O 12. Nxa7+ Kb8 13. Nb5 Qxf4 14.
d3 Qg4 15. Qd2 Qf5 16. Kg1 Qc5+ 17. Nfd4 Bd7 18. Qf4 Nd5 19. Qf2 g6 20. b4 Nxb4
21. Ba3 Bxb5 22. axb5 Bg7 23. Re4 Qc3 24. Rb1 Bxd4 25. Rxd4 Qxa3 26. Rdxb4 Qc3
27. b6 Rd7 28. Ra4 cxb6 29. Rc4 Qa5 30. Qf6 0-1

[Event "35. Rilton Cup 2005/2006"]
[Site "Stockholm"]
[Date "2005.12.30"]
[Round "4.20"]
[White "Gagarin, Vasilij"]
[Black "Dragicevic, Drazen"]
[Result "1-0"]
[WhiteElo "2422"]
[BlackElo "2195"]
[PlyCount "71"]
[EventDate "2005.12.27"]
[EventType "swiss"]
[EventRounds "9"]
[EventCountry "SWE"]
[Source "lmi"]
[SourceDate "2006.01.06"]

1. e4 c5 2. Nf3 Nc6 3. Bb5 Nd4 4. Nxd4 cxd4 5. O-O Nf6 6. e5 Nd5 7. c3 e6 8.
Qg4 dxc3 9. dxc3 a6 10. Ba4 b5 11. Bb3 Bb7 12. Nd2 d6 13. c4 Nb6 14. exd6 Qxd6
15. cxb5 axb5 16. Nf3 h5 17. Qg5 Qc5 18. Ne5 Rh6 19. Re1 f6 20. Qg3 h4 21. Qg4
f5 22. Qe2 Rh7 23. Nd3 Qc6 24. Qxe6+ Kd8 25. Qxc6 Bxc6 26. Ne5 Be8 27. Bf4 g6
28. Rac1 Bh6 29. Red1+ Nd7 30. Bxh6 Rxh6 31. Rxd7+ Bxd7 32. Nf7+ Ke7 33. Nxh6
Rf8 34. Nf7 Be6 35. Bxe6 Kxe6 36. Ng5+ 1-0

[Event "35. Rilton Cup 2005/2006"]
[Site "Stockholm"]
[Date "2005.12.30"]
[Round "4.23"]
[White "Bebchuk, Leonid"]
[Black "Willemze, Thomas"]
[Result "0-1"]
[WhiteElo "2085"]
[BlackElo "2363"]
[PlyCount "152"]
[EventDate "2005.12.27"]
[EventType "swiss"]
[EventRounds "9"]
[EventCountry "SWE"]
[Source "lmi"]
[SourceDate "2006.01.06"]

1. Nf3 Nf6 2. g3 b6 3. Bg2 Bb7 4. O-O e6 5. b3 Be7 6. Bb2 c5 7. c4 O-O 8. Nc3
d6 9. Re1 Ne4 10. Nxe4 Bxe4 11. d3 Bb7 12. d4 cxd4 13. Nxd4 Qc8 14. e4 a6 15.
Qc2 Nd7 16. Rad1 Re8 17. Rc1 Qc5 18. Red1 Rac8 19. h3 Qc7 20. Kh2 Qb8 21. Rd2
Qa8 22. Re1 Bf8 23. Qd1 Nc5 24. Rde2 Red8 25. b4 Nd7 26. Qb3 Rc7 27. Rc2 Rdc8
28. f3 Be7 29. h4 Bf6 30. Bh3 Ne5 31. Rec1 Nc6 32. Nxc6 Bxb2 33. Qxb2 Rxc6 34.
Bf1 Qb8 35. Qd4 Qc7 36. Bd3 Qe7 37. a3 R8c7 38. Kg2 Bc8 39. Qe3 e5 40. Qg5 f6
41. Qe3 Qd7 42. g4 h5 43. Be2 hxg4 44. fxg4 Qf7 45. c5 dxc5 46. bxc5 b5 47. Kg3
Be6 48. h5 Qe7 49. Qc3 Rd7 50. Rd1 Rxd1 51. Bxd1 Bc4 52. Qe3 Qxc5 53. Qxc5 Rxc5
54. Kh4 Kf7 55. g5 fxg5+ 56. Kxg5 Rc6 57. Bg4 a5 58. Rd2 Rc7 59. Rf2+ Ke7 60.
Kg6 Kd6 61. Rd2+ Kc6 62. Rd8 Bf7+ 63. Kf5 Re7 64. Bd1 Kc5 65. Ra8 a4 66. Rb8
Be6+ 67. Kg6 Bb3 68. Be2 Bc4 69. Bg4 Kd4 70. Bf5 Kc3 71. Rh8 Kb2 72. Rh7 Bf7+
73. Kg5 Bg8 74. Rh8 Bc4 75. Rh7 b4 76. h6 bxa3 0-1

[Event "35. Rilton Cup 2005/2006"]
[Site "Stockholm"]
[Date "2005.12.30"]
[Round "4.24"]
[White "Olsson, Linus"]
[Black "Minina, Veronika"]
[Result "1-0"]
[WhiteElo "2354"]
[BlackElo "2063"]
[PlyCount "63"]
[EventDate "2005.12.27"]
[EventType "swiss"]
[EventRounds "9"]
[EventCountry "SWE"]
[Source "lmi"]
[SourceDate "2006.01.06"]

1. d4 Nf6 2. c4 g6 3. Nc3 Bg7 4. e4 d6 5. Be2 O-O 6. g4 c5 7. d5 e6 8. f3 exd5
9. cxd5 h5 10. h3 Nfd7 11. Be3 a6 12. Qd2 b5 13. Bg5 Bf6 14. h4 Qe7 15. gxh5
gxh5 16. Nh3 Qe5 17. O-O-O b4 18. Na4 Bg7 19. Rhg1 Kh7 20. f4 Qd4 21. Be7 Qxd2+
22. Rxd2 Re8 23. Bxd6 Bd4 24. Ng5+ Kg6 25. Rxd4 cxd4 26. e5 Kf5 27. Bd3+ Kxf4
28. e6+ Ne5 29. exf7 Rd8 30. Rf1+ Ke3 31. Bxe5 Bg4 32. Nc5 1-0

[Event "35. Rilton Cup 2005/2006"]
[Site "Stockholm"]
[Date "2005.12.30"]
[Round "5.1"]
[White "Kurnosov, Igor"]
[Black "Rozentalis, Eduardas"]
[Result "1/2-1/2"]
[WhiteElo "2523"]
[BlackElo "2585"]
[PlyCount "73"]
[EventDate "2005.12.27"]
[EventType "swiss"]
[EventRounds "9"]
[EventCountry "SWE"]
[Source "lmi"]
[SourceDate "2006.01.06"]

1. e4 e5 2. Nf3 Nf6 3. Nxe5 d6 4. Nf3 Nxe4 5. Nc3 Nxc3 6. dxc3 Nc6 7. Be3 Be7
8. Qd2 Bg4 9. O-O-O Qd7 10. h3 Bxf3 11. gxf3 O-O-O 12. Bb5 a6 13. Ba4 Qf5 14.
Qe2 Ne5 15. f4 Nd7 16. Bb3 c6 17. Qg4 Qxg4 18. hxg4 d5 19. c4 Nc5 20. cxd5
Nxb3+ 21. axb3 Rxd5 22. Rxd5 cxd5 23. Bd4 f6 24. Kd2 h6 25. Rh5 g6 26. Rxd5 h5
27. gxh5 gxh5 28. Ke2 h4 29. Kf1 h3 30. Kg1 h2+ 31. Kh1 Rh4 32. Be3 Kc7 33. c4
Kc6 34. Rf5 Kd7 35. Rd5+ Kc6 36. Rf5 Kd7 37. Rd5+ 1/2-1/2

[Event "35. Rilton Cup 2005/2006"]
[Site "Stockholm"]
[Date "2005.12.30"]
[Round "5.2"]
[White "Iordachescu, Viorel"]
[Black "Karlsson, Lars"]
[Result "1/2-1/2"]
[WhiteElo "2583"]
[BlackElo "2501"]
[PlyCount "85"]
[EventDate "2005.12.27"]
[EventType "swiss"]
[EventRounds "9"]
[EventCountry "SWE"]
[Source "lmi"]
[SourceDate "2006.01.06"]

1. c4 e6 2. Nc3 Bb4 3. Qb3 a5 4. a3 Bxc3 5. Qxc3 Nf6 6. Nf3 a4 7. e4 d6 8. e5
dxe5 9. Nxe5 c5 10. d3 Nbd7 11. Be2 Qa5 12. Bd2 Qxc3 13. Bxc3 Nxe5 14. Bxe5 Bd7
15. g4 Bc6 16. Rg1 h6 17. f4 Ke7 18. O-O-O Rhg8 19. Bc3 Rad8 20. h4 b6 21. g5
hxg5 22. hxg5 Nd7 23. Rg3 Rde8 24. Re3 Kd6 25. Bh5 Re7 26. d4 cxd4 27. Bxd4 Kc7
28. Bg4 g6 29. Kc2 Nc5 30. Be5+ Kb7 31. Rd4 Rd7 32. Rxd7+ Nxd7 33. Bd4 Rd8 34.
Kc3 Rc8 35. Be2 Bd5 36. Kb4 Bc6 37. Rh3 Rc7 38. Rh7 Nc5 39. Bxc5 bxc5+ 40. Kc3
Rd7 41. Bd3 Kc7 42. Bc2 Kb6 43. Bd3 1/2-1/2

[Event "35. Rilton Cup 2005/2006"]
[Site "Stockholm"]
[Date "2005.12.30"]
[Round "5.3"]
[White "Cicak, Slavko"]
[Black "Postny, Evgeny"]
[Result "1-0"]
[WhiteElo "2497"]
[BlackElo "2571"]
[PlyCount "91"]
[EventDate "2005.12.27"]
[EventType "swiss"]
[EventRounds "9"]
[EventCountry "SWE"]
[Source "lmi"]
[SourceDate "2006.01.06"]

1. c4 Nf6 2. Nc3 e6 3. e4 c5 4. Nf3 Nc6 5. Be2 Qc7 6. d4 cxd4 7. Nxd4 a6 8. a3
b6 9. f4 Nxd4 10. Qxd4 d6 11. Be3 Rb8 12. g4 Bb7 13. O-O h6 14. b4 Nd7 15. f5
Ne5 16. Rac1 Ba8 17. Na4 Qc6 18. b5 axb5 19. cxb5 Qxe4 20. Qxe4 Bxe4 21. fxe6
fxe6 22. Nxb6 g5 23. a4 h5 24. gxh5 g4 25. h3 Nf3+ 26. Kf2 Be7 27. hxg4 Bh4+
28. Kg2 Nd2+ 29. Kh3 Nxf1 30. Rxf1 Bd8 31. Nc4 Be7 32. a5 Rc8 33. Rc1 O-O 34.
a6 d5 35. Ne5 Rxc1 36. Bxc1 Rc8 37. Nc6 Bc5 38. Be3 d4 39. Nxd4 Kf7 40. Kg3 Bb6
41. Kf4 Bd5 42. Nf3 Bc7+ 43. Ne5+ Kg8 44. Bd4 Ba5 45. Ke3 Rc1 46. a7 1-0

[Event "35. Rilton Cup 2005/2006"]
[Site "Stockholm"]
[Date "2005.12.30"]
[Round "5.4"]
[White "Johannessen, Leif Erlend"]
[Black "Jens, Jelmer"]
[Result "1-0"]
[WhiteElo "2564"]
[BlackElo "2366"]
[PlyCount "63"]
[EventDate "2005.12.27"]
[EventType "swiss"]
[EventRounds "9"]
[EventCountry "SWE"]
[Source "lmi"]
[SourceDate "2006.01.06"]

1. d4 Nf6 2. c4 e6 3. Nf3 b6 4. g3 Ba6 5. b3 Bb4+ 6. Bd2 Be7 7. Nc3 O-O 8. Rc1
d5 9. cxd5 exd5 10. Bg2 Re8 11. O-O Nbd7 12. Ne5 Bb7 13. Bf4 c5 14. dxc5 Nxc5
15. Nb5 Ne6 16. Be3 Bc5 17. Nd4 Rc8 18. Nxe6 Rxe6 19. Bd4 Qe8 20. f4 Ba6 21.
Bf3 Re7 22. Qd2 Ba3 23. Rxc8 Qxc8 24. Bb2 Bxb2 25. Qxb2 Rc7 26. Qd4 Rc2 27.
Bxd5 Nxd5 28. Qxd5 Qe8 29. Rd1 Bxe2 30. Rd2 Rc1+ 31. Kf2 Bb5 32. Qxb5 1-0

[Event "35. Rilton Cup 2005/2006"]
[Site "Stockholm"]
[Date "2005.12.30"]
[Round "5.5"]
[White "Fontaine, Robert"]
[Black "Nyback, Tomi"]
[Result "1/2-1/2"]
[WhiteElo "2507"]
[BlackElo "2563"]
[PlyCount "56"]
[EventDate "2005.12.27"]
[EventType "swiss"]
[EventRounds "9"]
[EventCountry "SWE"]
[Source "lmi"]
[SourceDate "2006.01.06"]

1. e4 e5 2. Nf3 Nc6 3. Bb5 a6 4. Ba4 Nf6 5. Nc3 Be7 6. O-O b5 7. Bb3 O-O 8. a4
b4 9. Nd5 d6 10. Nxf6+ Bxf6 11. Bd5 Bd7 12. a5 Rb8 13. Bc4 Be6 14. d3 d5 15.
Bxa6 Ra8 16. Bb7 Rxa5 17. Bd2 dxe4 18. Rxa5 Nxa5 19. Bxe4 c5 20. c3 Qb6 21.
cxb4 cxb4 22. Qa4 Rb8 23. Rc1 Nb3 24. Be3 Qd8 25. Rc6 Nd4 26. Nxd4 exd4 27. Bf4
Bd7 28. Bxb8 Qxb8 1/2-1/2

[Event "35. Rilton Cup 2005/2006"]
[Site "Stockholm"]
[Date "2005.12.30"]
[Round "5.6"]
[White "Berg, Emanuel"]
[Black "Ask, Josef"]
[Result "1/2-1/2"]
[WhiteElo "2540"]
[BlackElo "2236"]
[PlyCount "165"]
[EventDate "2005.12.27"]
[EventType "swiss"]
[EventRounds "9"]
[EventCountry "SWE"]
[Source "lmi"]
[SourceDate "2006.01.06"]

1. e4 e6 2. d4 d5 3. Nc3 Bb4 4. e5 Ne7 5. a3 Bxc3+ 6. bxc3 c5 7. h4 Nbc6 8. h5
h6 9. Qg4 Nf5 10. Bd3 Nce7 11. dxc5 Qc7 12. Nf3 Qxc5 13. O-O Qxc3 14. Bd2 Qc7
15. Bb4 O-O 16. Qf4 a5 17. Bd6 Qd8 18. Bxf5 exf5 19. Nd4 Be6 20. Rab1 Qd7 21.
Rb3 Rfc8 22. Rfb1 Ra7 23. Qe3 Nc6 24. Nxc6 bxc6 25. Rb8 Ra8 26. R8b7 Qd8 27.
Be7 Qe8 28. Bd6 c5 29. Qf4 d4 30. R7b5 Qd8 31. f3 a4 32. Qd2 Ra7 33. Rxc5 Rxc5
34. Bxc5 Rd7 35. Bd6 Qh4 36. Rb4 Qxh5 37. Rxa4 Rb7 38. Rb4 Rxb4 39. axb4 Qh4
40. Bc5 g5 41. Qf2 Qf4 42. b5 d3 43. cxd3 Qxe5 44. b6 Bd5 45. Bd4 Qf4 46. Be3
Qb4 47. Kh2 Kh7 48. f4 Kg6 49. Bd4 Qb5 50. Qg3 g4 51. Qh4 Be6 52. Qf6+ Kh5 53.
Qh8 Bd5 54. Qf6 Be6 55. Bf2 Qd7 56. Bh4 Bd5 57. d4 Qe6 58. Bg5 Qxf6 59. Bxf6
Kg6 60. Bd8 Kg7 61. Be7 f6 62. Kg3 Kf7 63. Bb4 Ke6 64. Be1 Kd6 65. Bb4+ Kc6 66.
Bc5 Kb5 67. Kf2 Kc4 68. g3 Kd3 69. Be7 Kxd4 70. Bxf6+ Kc5 71. Bd8 Kc6 72. Ke3
Kc5 73. Kd3 h5 74. Kc3 Be4 75. Kb3 Kb5 76. Kc3 Kc5 77. Kb3 Kb5 78. Ka3 Bd5 79.
Kb2 Kc5 80. Kc2 Be4+ 81. Kc3 Bd5 82. Bc7 Be4 83. Bd8 1/2-1/2

[Event "35. Rilton Cup 2005/2006"]
[Site "Stockholm"]
[Date "2005.12.31"]
[Round "5.7"]
[White "Cramling, Pia"]
[Black "Ivanov, Sergey"]
[Result "0-1"]
[WhiteElo "2492"]
[BlackElo "2538"]
[PlyCount "110"]
[EventDate "2005.12.27"]
[EventType "swiss"]
[EventRounds "9"]
[EventCountry "SWE"]
[Source "lmi"]
[SourceDate "2006.01.06"]

1. d4 Nf6 2. Nf3 d5 3. c4 e6 4. Nc3 dxc4 5. e3 a6 6. a4 c5 7. Bxc4 Nc6 8. O-O
Be7 9. dxc5 Bxc5 10. Qxd8+ Kxd8 11. e4 b6 12. e5 Nd7 13. Bg5+ Ke8 14. Rfe1 h6
15. Be3 Ke7 16. Bxc5+ Nxc5 17. Ne4 Nxe4 18. Rxe4 Bb7 19. Be2 Rhd8 20. h4 Rd5
21. Ra3 a5 22. Rc3 Rc8 23. h5 Nb4 24. Rxc8 Bxc8 25. Rg4 Kf8 26. Bb5 Rd1+ 27.
Kh2 Bd7 28. Bxd7 Rxd7 29. Kg3 Na6 30. b3 Rd5 31. Re4 Nc5 32. Rc4 Nxb3 33. Rc6
b5 34. axb5 Rxb5 35. Rc8+ Ke7 36. Rc7+ Ke8 37. Ra7 Rb4 38. Ne1 a4 39. Nc2 Rc4
40. Na3 Re4 41. f4 Nd4 42. Nb1 Nc6 43. Rc7 Rc4 44. Nd2 Rc3+ 45. Kh4 a3 46. Ne4
a2 47. Nxc3 a1=Q 48. Rxc6 Qa8 49. Rc4 Qxg2 50. Ne4 Ke7 51. Ng3 f5 52. exf6+
gxf6 53. f5 exf5 54. Nxf5+ Ke6 55. Rc6+ Kd7 0-1

[Event "35. Rilton Cup 2005/2006"]
[Site "Stockholm"]
[Date "2005.12.31"]
[Round "5.8"]
[White "Khmelniker, Ilya"]
[Black "Jaracz, Pawel"]
[Result "1-0"]
[WhiteElo "2430"]
[BlackElo "2492"]
[PlyCount "70"]
[EventDate "2005.12.27"]
[EventType "swiss"]
[EventRounds "9"]
[EventCountry "SWE"]
[Source "lmi"]
[SourceDate "2006.01.06"]

1. d4 Nf6 2. c4 e6 3. Nf3 b6 4. Nc3 Bb4 5. Bg5 Bb7 6. e3 h6 7. Bh4 Bxc3+ 8.
bxc3 Qe7 9. Nd2 g5 10. Bg3 Nc6 11. e4 d6 12. Qa4 Qd7 13. f3 Nh5 14. Bf2 Nf4 15.
h4 Ng6 16. hxg5 hxg5 17. Rxh8+ Nxh8 18. O-O-O Ng6 19. Be3 f6 20. e5 fxe5 21.
Bxg5 Nce7 22. Qa3 exd4 23. cxd4 e5 24. d5 a5 25. Bd3 Kf7 26. Ne4 Rh8 27. Rf1
Ng8 28. Qc3 Kg7 29. f4 Qg4 30. f5 Nf8 31. Bd8 Qxg2 32. f6+ Kf7 33. Bxc7 Nd7 34.
Nxd6+ Kf8 35. Nxb7 Rh1 1-0

[Event "35. Rilton Cup 2005/2006"]
[Site "Stockholm"]
[Date "2005.12.31"]
[Round "5.9"]
[White "Lindberg, Bengt"]
[Black "Akesson, Ralf"]
[Result "1-0"]
[WhiteElo "2420"]
[BlackElo "2486"]
[PlyCount "81"]
[EventDate "2005.12.27"]
[EventType "swiss"]
[EventRounds "9"]
[EventCountry "SWE"]
[Source "lmi"]
[SourceDate "2006.01.06"]

1. e4 c5 2. Nf3 e6 3. d4 cxd4 4. Nxd4 a6 5. Bd3 Nf6 6. O-O Qc7 7. Qe2 d6 8. c4
g6 9. Nc3 Bg7 10. Be3 O-O 11. Rac1 Nbd7 12. b4 Ne5 13. f3 Bd7 14. Nb3 Rfd8 15.
Nd1 Nxd3 16. Qxd3 Rac8 17. Nf2 Bc6 18. Nd4 Be8 19. Qd2 Qe7 20. Bg5 b5 21. cxb5
axb5 22. Ng4 h5 23. Nxf6+ Bxf6 24. Bxf6 Qxf6 25. Rxc8 Rxc8 26. Nb3 Qe7 27. Rd1
Qa7+ 28. Kh1 Rc6 29. Na5 Rc7 30. h3 Qa8 31. Qf4 Rc2 32. Qxd6 Qa7 33. Nb3 Qxa2
34. Nc1 Qc4 35. Nd3 Kg7 36. Qd8 Qc8 37. Qd4+ f6 38. e5 f5 39. Nc5 Bf7 40. Qh4
Kh7 41. Qf6 1-0

[Event "35. Rilton Cup 2005/2006"]
[Site "Stockholm"]
[Date "2005.12.31"]
[Round "5.10"]
[White "Berczes, David"]
[Black "Gagarin, Vasilij"]
[Result "1/2-1/2"]
[WhiteElo "2475"]
[BlackElo "2422"]
[PlyCount "49"]
[EventDate "2005.12.27"]
[EventType "swiss"]
[EventRounds "9"]
[EventCountry "SWE"]
[Source "lmi"]
[SourceDate "2006.01.06"]

1. d4 d5 2. c4 c6 3. Nf3 Nf6 4. Nc3 a6 5. e3 e6 6. Bd2 c5 7. cxd5 exd5 8. dxc5
Bxc5 9. g3 O-O 10. Bg2 Nc6 11. O-O Bg4 12. h3 Be6 13. Rc1 Ba7 14. Ne2 Ne4 15.
Bc3 Qe7 16. Bd4 Bb8 17. Nf4 Bxf4 18. exf4 Nxd4 19. Qxd4 f6 20. Rfe1 Qd7 21. g4
Rfd8 22. Rc2 Rac8 23. Rec1 Rxc2 24. Rxc2 Rc8 25. Qd3 1/2-1/2

[Event "35. Rilton Cup 2005/2006"]
[Site "Stockholm"]
[Date "2005.12.31"]
[Round "5.11"]
[White "Willemze, Thomas"]
[Black "Miezis, Normunds"]
[Result "0-1"]
[WhiteElo "2363"]
[BlackElo "2470"]
[PlyCount "76"]
[EventDate "2005.12.27"]
[EventType "swiss"]
[EventRounds "9"]
[EventCountry "SWE"]
[Source "lmi"]
[SourceDate "2006.01.06"]

1. d4 Nf6 2. c4 e6 3. Nc3 Bb4 4. e3 c5 5. Nf3 a6 6. Bd3 d5 7. O-O dxc4 8. Bxc4
b5 9. Bd3 cxd4 10. exd4 Be7 11. a4 b4 12. Ne4 Bb7 13. Nc5 Bd5 14. Bg5 h6 15.
Bh4 Nc6 16. Nxa6 O-O 17. Bg3 Ra7 18. Rc1 Qb6 19. Nc5 Bxf3 20. gxf3 Nxd4 21. Nb3
Rd7 22. Nxd4 Rxd4 23. Qb3 Nd7 24. Bb1 Nc5 25. Qc2 g6 26. Rcd1 Rfd8 27. Rxd4
Rxd4 28. b3 Rd3 29. Qc1 Rxb3 30. Qxh6 Bf8 31. Qg5 Rxf3 32. Rd1 e5 33. a5 Qa6
34. Qh4 Qe2 35. Rd8 Ne6 36. Rxf8+ Nxf8 37. Qxb4 Qd1+ 38. Kg2 Rb3 0-1

[Event "35. Rilton Cup 2005/2006"]
[Site "Stockholm"]
[Date "2005.12.31"]
[Round "5.14"]
[White "Hermansson, Emil"]
[Black "Olsson, Linus"]
[Result "0-1"]
[WhiteElo "2449"]
[BlackElo "2354"]
[PlyCount "88"]
[EventDate "2005.12.27"]
[EventType "swiss"]
[EventRounds "9"]
[EventCountry "SWE"]
[Source "lmi"]
[SourceDate "2006.01.06"]

1. e4 c5 2. Nf3 a6 3. c4 b6 4. d4 cxd4 5. Nxd4 Bb7 6. Nc3 e6 7. Bd3 d6 8. O-O
Nf6 9. Be3 Be7 10. f3 O-O 11. Qd2 Nbd7 12. Rfd1 Rc8 13. Bf1 Qc7 14. Kh1 Qb8 15.
Bg1 Bd8 16. a4 Ne5 17. b3 Bc7 18. Rac1 Kh8 19. b4 Rfd8 20. Qa2 g5 21. a5 bxa5
22. bxa5 Qa8 23. Rb1 Rb8 24. Qd2 Rg8 25. Na4 g4 26. Qf4 Rg6 27. Nb6 Bxb6 28.
Rxb6 gxf3 29. Nxf3 Nxf3 30. gxf3 Rbg8 31. Be3 e5 32. Qh4 Ng4 33. Rbxd6 Rxd6 34.
Rxd6 Bxe4 35. Bg5 Bxf3+ 36. Kg1 Qc8 37. Bd3 e4 38. Kf1 Qf5 39. Bf6+ Nxf6 40.
Rxf6 Qc5 41. Rxf3 Qg1+ 42. Ke2 exd3+ 43. Kxd3 Qd1+ 44. Ke4 Qe2+ 0-1

[Event "35. Rilton Cup 2005/2006"]
[Site "Stockholm"]
[Date "2005.12.31"]
[Round "5.15"]
[White "Velicka, Petr"]
[Black "Nithander, Victor"]
[Result "0-1"]
[WhiteElo "2441"]
[BlackElo "2243"]
[PlyCount "118"]
[EventDate "2005.12.27"]
[EventType "swiss"]
[EventRounds "9"]
[EventCountry "SWE"]
[Source "lmi"]
[SourceDate "2006.01.06"]

1. e4 g6 2. d4 Bg7 3. Nc3 d6 4. Nf3 a6 5. a4 b6 6. Bc4 e6 7. Qe2 Ne7 8. Be3 Nd7
9. O-O h6 10. Nd2 O-O 11. f4 Bb7 12. Ba2 d5 13. e5 c5 14. Nf3 Nf5 15. Bf2 g5
16. fxg5 Nxd4 17. Nxd4 cxd4 18. gxh6 Bxe5 19. Qg4+ Kh8 20. Bxd4 Rg8 21. Bxe5+
Nxe5 22. Qd4 f6 23. Rf4 Rg6 24. Raf1 Nd7 25. Nxd5 Bxd5 26. Bxd5 exd5 27. Qxd5
Ra7 28. Rd1 Qe7 29. Qd6 Qxd6 30. Rxd6 Rxh6 31. Rfd4 Rh7 32. h3 Kg8 33. c3 Kf8
34. Kf2 Ke7 35. Rc6 Rh5 36. Re4+ Kf7 37. Rd4 Rc5 38. Rcd6 Ke7 39. g4 Rb7 40.
Kg3 Ne5 41. R6d5 Rxd5 42. Rxd5 Ke6 43. Rd8 Rc7 44. Re8+ Kf7 45. Rb8 Nd7 46. Ra8
a5 47. h4 Nc5 48. b4 Nb3 49. h5 Rxc3+ 50. Kh4 axb4 51. Ra7+ Kg8 52. h6 Rc5 53.
Ra6 Nd4 54. Rxb6 b3 55. Rb4 Nf3+ 56. Kg3 Nd2 57. Kf2 Rc2 58. Ke3 Ra2 59. a5 b2
0-1

[Event "35. Rilton Cup 2005/2006"]
[Site "Stockholm"]
[Date "2005.12.31"]
[Round "5.16"]
[White "Hillarp Persson, Tiger"]
[Black "Akesson, Joel"]
[Result "1/2-1/2"]
[WhiteElo "2534"]
[BlackElo "2334"]
[PlyCount "109"]
[EventDate "2005.12.27"]
[EventType "swiss"]
[EventRounds "9"]
[EventCountry "SWE"]
[Source "lmi"]
[SourceDate "2006.01.06"]

1. d4 Nf6 2. c4 e6 3. Nf3 Bb4+ 4. Nbd2 b6 5. a3 Bxd2+ 6. Qxd2 Bb7 7. e3 O-O 8.
Be2 d6 9. O-O Nbd7 10. b4 Ne4 11. Qc2 f5 12. Bb2 Ng5 13. d5 Nxf3+ 14. Bxf3 Ne5
15. Bxe5 dxe5 16. e4 exd5 17. cxd5 fxe4 18. Bxe4 g6 19. Rac1 Rf7 20. Rfd1 Qd6
21. Rd3 Rd8 22. Qb3 Kh8 23. g3 Qf8 24. Qb2 Qg7 25. d6 cxd6 26. Bxb7 Rxb7 27.
Rxd6 Re8 28. Re1 e4 29. Qxg7+ Kxg7 30. f4 Rc7 31. Rd4 Kf6 32. Rdxe4 Rxe4 33.
Rxe4 Rc3 34. a4 Ra3 35. b5 h5 36. Rd4 Kf5 37. Kg2 Kg4 38. h3+ Kf5 39. Rd5+ Kf6
40. Rd6+ Kf5 41. Rd5+ Kf6 42. g4 hxg4 43. hxg4 Rxa4 44. Kg3 Rb4 45. Rd6+ Kf7
46. Rd7+ Kf8 47. Rxa7 Rxb5 48. Kh4 Rc5 49. Rb7 b5 50. Kg3 Rc3+ 51. Kh4 Rc5 52.
Rd7 Kg8 53. Ra7 Kf8 54. Rb7 Kg8 55. Kg3 1/2-1/2

[Event "35. Rilton Cup 2005/2006"]
[Site "Stockholm"]
[Date "2005.12.31"]
[Round "5.17"]
[White "Brynell, Stellan"]
[Black "Van Beek, Alexander"]
[Result "1-0"]
[WhiteElo "2496"]
[BlackElo "2334"]
[PlyCount "131"]
[EventDate "2005.12.27"]
[EventType "swiss"]
[EventRounds "9"]
[EventCountry "SWE"]
[Source "lmi"]
[SourceDate "2006.01.06"]

1. d4 d5 2. c4 c6 3. Nc3 dxc4 4. e4 b5 5. a4 b4 6. Nb1 Ba6 7. Nf3 Nf6 8. e5 Nd5
9. Ng5 e6 10. Qh5 g6 11. Qf3 Qc7 12. Nd2 c5 13. Bxc4 cxd4 14. O-O h6 15. Bxa6
Nxa6 16. Nge4 Rd8 17. Re1 Be7 18. Qd3 Nb8 19. Nd6+ Kf8 20. N2c4 Nc6 21. Qf3
Bxd6 22. exd6 Rxd6 23. Nxd6 Qxd6 24. Bd2 Kg7 25. Rac1 e5 26. Qd3 Re8 27. f4 f6
28. fxe5 fxe5 29. Rf1 Re6 30. Rce1 Nf6 31. Qh3 h5 32. Bg5 Ne7 33. Bxf6+ Rxf6
34. Rxf6 Kxf6 35. Qf3+ Nf5 36. Rc1 Kg7 37. Qe4 a5 38. Rc6 Qe7 39. g3 Kh7 40.
Rb6 Nd6 41. Qc6 Qg5 42. Qd7+ Kh6 43. Rxd6 Qe3+ 44. Kg2 Qe2+ 45. Kh3 Qf1+ 46.
Kh4 Qe2 47. Qh3 Qf2 48. Qe6 Qxh2+ 49. Qh3 Qg1 50. b3 d3 51. Rxg6+ Kxg6 52. Qe6+
Kh7 53. Qf7+ Kh8 54. Qxh5+ Kg8 55. Qe8+ Kh7 56. Qd7+ Kh6 57. Qd6+ Kh7 58. Qxd3+
Kg7 59. Kg5 Qc1+ 60. Kf5 Qc3 61. Qd7+ Kf8 62. Qd6+ Kf7 63. Qe6+ Kf8 64. g4 Qe3
65. Qf6+ Kg8 66. Qg5+ 1-0

[Event "35. Rilton Cup 2005/2006"]
[Site "Stockholm"]
[Date "2005.12.31"]
[Round "5.18"]
[White "Kolbus, Dietmar"]
[Black "Johansson, Gunnar"]
[Result "1/2-1/2"]
[WhiteElo "2413"]
[BlackElo "2276"]
[PlyCount "109"]
[EventDate "2005.12.27"]
[EventType "swiss"]
[EventRounds "9"]
[EventCountry "SWE"]
[Source "lmi"]
[SourceDate "2006.01.06"]

1. Nf3 d5 2. d4 Nf6 3. g3 c6 4. Bg2 g6 5. O-O Bg7 6. Bf4 O-O 7. Qc1 Bf5 8. h3
Nbd7 9. g4 Be4 10. Nbd2 Re8 11. c3 h5 12. Nxe4 dxe4 13. Nd2 hxg4 14. hxg4 e3
15. Bxe3 Nxg4 16. Bg5 Qc7 17. Nf3 e5 18. e3 Bf6 19. Bh3 Bxg5 20. Bxg4 Bf6 21.
Kg2 Kg7 22. Rh1 Rh8 23. Qc2 c5 24. d5 Be7 25. Bxd7 Qxd7 26. Qe4 f6 27. c4 Bd6
28. Rag1 f5 29. Qc2 Qe7 30. e4 Qf6 31. Rxh8 Rxh8 32. Rh1 Rxh1 33. Kxh1 fxe4 34.
Qxe4 Qf5 35. Qxf5 gxf5 36. Ng5 Kf6 37. Ne6 e4 38. Kg2 Ke5 39. f4+ Kf6 40. Kg3
Ke7 41. Ng7 Kf6 42. Ne6 Ke7 43. Kf2 Kf6 44. Ke3 Ke7 45. a3 b6 46. Kd2 a5 47. b3
Bb8 48. Ke3 Bd6 49. Kf2 Bb8 50. Kg3 Bd6 51. Kh4 Kf6 52. Kg3 Ke7 53. Ng7 Kf6 54.
Ne8+ Ke7 55. Ng7 1/2-1/2